On statistical survival analysis and its applications in medicine /

Guardado en:
Otros Autores: Kardaun, Otto Jan Willem Frederik. (Disertante)
Formato: Manuscrito
Idioma:English
Publicado: 1986.
Etiquetas: Agregar Etiqueta
Sin Etiquetas, Sea el primero en etiquetar este registro!
LEADER 00705ntm a22001935a 4500
001 MAT.inmabb006914
008 160201s1986####xx#a#####bm###000#0#eng#d
005 20160201181057.0
245 1 0 |a On statistical survival analysis and its applications in medicine /  |c Otto Jan Willem Frederik Kardaun. 
260 |c 1986. 
300 |a xviii, 137 p. :  |b il. ;  |c 24 cm. 
502 |a Tesis doctoral--Rijksuniversiteit Groningen, 1986. 
546 |a Resumen en holandés. 
504 |a Incluye referencias bibliográficas. 
100 1 |a Kardaun, Otto Jan Willem Frederik.  |4 dis 
710 2 |a Rijksuniversiteit te Groningen  |4 dgg. 
084 |a 62Nxx (62P10)  |2 msc2000 
041 1 |a eng  |b dut 
859 |h 62  |i K18  |p A-6966  |b BIB. MATEMATICA